00490nam a2200193Ia 4500008004100000041001200041082001200053100003100065245003200096260003400128300000800162365000800170520001400178546001200192630003200204650001400236655001400250730003200264101110s9999 xx 000 0 und d aMARATHI bSR35009 aAtrawalkar Shashikant Hari aVyavsaik arthshastra TYBCOM c2010bSheth prakashan, Mumbai a223 b100 aEconomics aMARATHI aVyavsaik arthshastra TYBCOM aEconomics aEconomics aVyavsaik arthshastra TYBCOM